000 00269nam a2200109Ia 4500
008 200302s9999 xx 000 0 und d
100 _aJohn C. Krieg
245 _aDesert Landscape Architecture
260 _bC. R. C. Press. Pvt. Ltd.
260 _c1999
300 _a628 P.,
999 _c1403
_d1403